00426 2200157 4500001002100000008004100021035002000062245007000082100002400152250000600176260003800182084001400220082000800234650001400242990001200256INLIS000000000001519 ind  a0010-0125000017 aLogika dan Algoritma Dasar Menggunakan BHSC++cIndarwoko Kurniadi aKurniadi, Indarwoko a1 aBogor :bMitra Wacana Mediac2011 a510 IND l a510 aNon Fiksi a0714942